000 00327nam a22001457a 4500
008 230124b ||||| |||| 00| 0 eng d
020 _a0205484786
041 _aeng
080 _2SECOND EDITION
_a7
082 _a7WAI
100 _a19
101 _aART
245 _aTHEATRE COLLABORATIVE ACTS
_cWAINSCOTT
942 _2udc
_cBK
999 _c59252
_d59252